000
00179nam a2200085 4500
001
1256661
005
20260102113406.0
245
_a
TİLDA-2
_c
GİZEM PINAR KARABOĞA
260
_b
ALTIN
999
_c
1256661
_d
1256661